000 00540nam a2200169Ia 4500
008 230718s9999 xx 000 0 und d
020 _a9781787129313
041 _aeng
082 _a006.7'8
_bSET
100 _aSethi M.
_9200951
245 _aCloud Native Python
_bPractical Techniques To Build Apps That Dynamically Scale To Handle Any Volume Of Data, Traffic, or Users
260 _c2017
_bPackt
300 _a356
365 _cRs.
_b999.00
700 _aSethi M.
_9200951
906 _dO:0601604-Aug-2018B:IN24018-Jul-2018
_cCOMP
_b199.8
999 _c348018
_d348018